PSE OC - Statistiken

Allgemein
  • Dieses Quiz wurde 139 mal gespielt
  • Das Durchschnittsergebnis liegt bei 18 aus 20
Antwortstatistiken
# Sym Element % Korrekt
1 H Wasserstoff
99%
53 I Iod
98%
5 B Bor
97%
6 C Kohlenstoff
97%
9 F Fluor
97%
8 O Sauerstoff
97%
16 S Schwefel
97%
7 N Stickstoff
96%
2 He Helium
92%
3 Li Lithium
92%
15 P Phosphor
92%
13 Al Aluminium
90%
4 Be Beryllium
90%
35 Br Brom
89%
10 Ne Neon
89%
18 Ar Argon
88%
12 Mg Magnesium
86%
11 Na Natrium
86%
17 Cl Chlor
83%
14 Si Silicium
82%
Keine übereinstimmenden Quizze gefunden
Verteilung der Resultate
Anzahl Personen mit jedem Resultat
Perzentil nach korrekt beantworteten Fragen
Ihre Resultats-Entwicklung
Sie haben dieses Quiz noch nicht gespielt